000 00427nam a2200193Ia 4500
005 20240823035646.0
008 240823s9999||||xx |||||||||||||| ||und||
020 _a978-81291-1920-9
041 _aENGLISH
082 _A823.91 Q1
100 _aNeeraj Chhibba
245 0 _aZero Percentile- 2.0
250 _a1st
260 _c2011
_bRupa
500 _aYES
650 _aNovel
_bEnglish
942 _cBK
999 _c201214
_d201214